000 00615nam a2200217Ia 4500
008 101110s9999 xx 000 0 und d
041 _aENGLISH
082 _bMSC119
100 _aPaine Frank A.
245 _aModern processing packaging and distribution systems
260 _bMir Publishers, Moscow
300 _a163
365 _b100
520 _aM.Sc. Chemistry
546 _aENGLISH
630 _aModern processing packaging and distribution systems
650 _aM.Sc. Chemistry
655 _aM.Sc. Chemistry
730 _aModern processing packaging and distribution systems
942 _cBOOK
999 _c797324
_d797321